| 000 | 00367pab a2200133 454500 | ||
|---|---|---|---|
| 008 | 180718b1989 xxu||||| |||| 00| 0 eng d | ||
| 100 | _aPaldam, Martin | ||
| 245 | _aA wage structure theory of inflation, industrial conflicts and trade unions | ||
| 260 | _c1989 | ||
| 300 | _a63-81 | ||
| 650 | _aWages | ||
| 773 | _aScandinavian Journal of Economics | ||
| 909 | _a21136 | ||
| 999 |
_c21136 _d21136 |
||